| 000 | 01966cam a22004337a 4500 | ||
|---|---|---|---|
| 003 | CHAP | ||
| 005 | 20220817043501.0 | ||
| 008 | 981026d1996 mx ab r 00110 spa d | ||
| 010 | _a76428 | ||
| 011 | _a77400 | ||
| 020 | _a9688564273 | ||
| 035 | _a87006 | ||
| 040 | _cCHAP | ||
| 082 | 0 | 4 |
_a338.10972 _bG7 |
| 100 | 0 | 0 |
_aGrammont, Hubert C. de. _950255 |
| 245 | 1 | 3 |
_aLa sociedad rural mexicana frente al nuevo milenio _c/coord. por Hubert C. de Grammont y Héctor Tejera Gaona |
| 260 |
_aMéxico, D.F. : _bUniversidad Autónoma Metropolina. Unidad Azcapozalco, _c1996. |
||
| 300 |
_a4 v. : _bilus. ; gráfs. ; mapas, cuadros |
||
| 500 | _aContenido : v.1 La inserción de la agricultura mexicana en la economía mundial -- v.2 La nueva relación campo-ciudad y la pobreza rural -- v.3 El acceso a los recursos naturales y el desarrollo sustentable -- v.4 Los nuevos actores sociales y proceso | ||
| 590 |
_aBATCH-UPD _b10 _c20130110 _lUCH01 _h0821 |
||
| 590 |
_aBATCH-UPD _b10 _c20130410 _lUCH01 _h0458 |
||
| 590 |
_aBATCH-UPD _b10 _c20130914 _lUCH01 _h0829 |
||
| 590 |
_aCONVERSION _b10 _c20130109 _lUCH01 _h1342 |
||
| 650 | 1 | 4 |
_aAgricultura _xAspectos economicos _zMexico. _91312 |
| 650 | 1 | 4 |
_aCampesinado _zMéxico. |
| 650 | 1 | 4 |
_aPobreza. _989463 |
| 650 | 1 | 4 |
_aProductos agrícolas _xMercadeo. _991951 |
| 650 | 1 | 4 |
_aRecursos naturales _xMéxico. _995299 |
| 650 | 1 | 4 |
_aTierras _xTenencia _zMéxico. _9113215 |
| 700 | 0 |
_aTejera Gaona, Héctor. _9112028 |
|
| 901 | _aBK | ||
| 905 | _aGuadalupe Pinto C. | ||
| 942 | _cLIBRO | ||
| 949 |
_a338.10972 G7 _bBC _cLIBRO _d33724000708236 _eLIBRO _fv.2 _h94308 _i87006 _sm |
||
| 949 |
_a338.10972 G7 _bBC _cLIBRO _d33724000708244 _eLIBRO _fv.1 _h94307 _i87006 _si |
||
| 949 |
_a338.10972 G7 _bBC _cLIBRO _d33724000708251 _eLIBRO _fv.3 _h94309 _i87006 _si |
||
| 949 |
_a338.10972 G7 _bBC _cLIBRO _d33724000708269 _eLIBRO _fv.4 _h94310 _i87006 _si |
||
| 949 |
_a338.10972 G7 _bBC _cLIBRO _d33724000788584 _eLIBRO _fv.2 c.2 _gI. c/e _h98626 _i87006 _so _t$92.00 |
||
| 999 |
_c76428 _d76428 |
||